Volgarizzamenti in prosa, 1822-1827 /

Bibliographic Details
Main Author: Leopardi, Giacomo, 1798-1837
Other Authors: D'Intino, Franco
Format: Book
Language:Italian
Published: Venezia : Marsilio, [2012]
Edition:1. ed.
Series:Testi e studi leopardiani ; 18.
Subjects:

MARC

Tag First Indicator Second Indicator Subfields
LEADER 00000cam a2200000 a 4500
001 in00002776621
005 20150922123847.0
008 120709s2012 it b 001 0 ita
010 |a  2012469348 
020 |a 9788831711111 
020 |a 8831711113 
035 |a (OCoLC)ocn796779841 
040 |a DLC  |c DLC  |d TXA  |d UtOrBLW 
043 |a e-it--- 
049 |a TXAM 
050 0 0 |a PQ4708  |b .V65 2012 
082 0 0 |a 858  |2 21 
100 1 |a Leopardi, Giacomo,  |d 1798-1837. 
245 1 0 |a Volgarizzamenti in prosa, 1822-1827 /  |c Giacomo Leopardi ; edizione critica di Franco D'Intino. 
250 |a 1. ed. 
264 1 |a Venezia :  |b Marsilio,  |c [2012] 
264 4 |c ©2012 
300 |a 513 pages ;  |c 22 cm. 
336 |a text  |b txt  |2 rdacontent 
337 |a unmediated  |b n  |2 rdamedia 
338 |a volume  |b nc  |2 rdacarrier 
490 0 |a Testi e studi leopardiani / Centro nazionale di studi leopardiani ;  |v 18 
490 1 |a Saggi Marsilio 
500 |a Critical edition. 
504 |a Includes bibliographical references and indexes. 
650 0 |a Philosophy, Ancient. 
650 0 |a Ethics. 
700 1 |a D'Intino, Franco. 
830 0 |a Testi e studi leopardiani ;  |v 18. 
948 |a cataloged  |b h  |c 2012/10/12  |d c  |e dmitchel  |f 2:20:20 pm 
994 |a C0  |b TXA 
999 |a MARS 
999 f f |s 61ff8c96-3d37-3436-ae85-c40da9b58435  |i 7bb026d3-c986-36f2-b93a-5533ff8ad3b0  |t 0 
952 f f |p normal  |a Texas A&M University  |b College Station  |c Sterling C. Evans Library  |d Evans: Library Stacks  |t 0  |e PQ4708 .V65 2012  |h Library of Congress classification  |i unmediated -- volume  |m A14838749229 
998 f f |a PQ4708 .V65 2012  |t 0  |l Evans: Library Stacks